The Cybersecurity Mesh Architecture

Saved in:
Bibliographic Details
Main Author: Kumar
Format: Book
Published: BPB Pub.
Tags: Add Tag
No Tags, Be the first to tag this record!

MARC

LEADER 00000nam a2200000Ia 4500
005 20260513122052.0
020 |a 9789365891218 
100 |a Kumar 
365 |c Rs. 
365 |b 25.00 
942 |c BK 
245 |a The Cybersecurity Mesh Architecture 
260 |b BPB Pub. 
999 |c 70  |d 70 
952 |0 0  |1 0  |4 0  |7 0  |a UNSW  |b UNSW  |d 2026-05-06  |g 499.00  |i 16686  |l 0  |p 000095  |r 2026-05-13 12:20:52  |v 499.00  |w 2026-05-13  |y BK